Dos visiones sobre los derechos humanos en latinoamérica: las lógicas diferentes que generan la democracia y el mercado /
Sparad:
| Huvudupphovsman: | |
|---|---|
| Materialtyp: | Text |
| Ämnen: | |
| Taggar: |
Lägg till en tagg
Inga taggar, Lägg till första taggen!
|
MARC
| LEADER | 00000 a a2200000 04500 | ||
|---|---|---|---|
| 001 | 4875 | ||
| 003 | |||
| 040 | |||
| 100 | |a Sacavino, Susana | ||
| 245 | |a Dos visiones sobre los derechos humanos en latinoamérica: |b las lógicas diferentes que generan la democracia y el mercado / |c Susana Sacavino | ||
| 650 | |a DERECHOS HUMANOS | ||
| 650 | |a DEMOCRACIA | ||
| 650 | |a POLITICA | ||
| 650 | |a INFLACION | ||
| 650 | |a ECONOMIA | ||
| 650 | |a AMERICA LATINA | ||
| 773 | |g volumen 4, número 24 -25; páginas 22-29 | ||
| 999 | |c 32541 |d 32541 | ||
